| 000 | 00700nam a22001817a 4500 | ||
|---|---|---|---|
| 020 | _qHard Cover. | ||
| 082 | _a621.3 | ||
| 100 | _aAamer Hussain, Syed, Haseeb Ahmed Ch., Saad Aftab , Asim Saleem, Fahad Shabbir | ||
| 245 |
_aPOVERTY The Situation of Poverty in World / _cSyed Aamer Hussain,Haseeb Ahmed Ch., Saad Aftab , Asim Saleem, Fahad Shabbir |
||
| 260 |
_aIslamabad : _bSEECS - NUST, _c2008. |
||
| 300 |
_a27 p. : ill. ; _c30cm. |
||
| 563 | _aHB | ||
| 650 |
_aElectrical Engineering-Project Report _930780 |
||
| 700 |
_aMuhammad Yousaf _915771 |
||
| 856 | _uhttp://10.250.8.41:8080/xmlui/handle/123456789/29363 | ||
| 942 |
_2ddc _cPR |
||
| 999 |
_c540547 _d540547 |
||